Θαλασσινό ενυδρείο
Αποθηκεύτηκε σε:
| Κύριος συγγραφέας: | |
|---|---|
| Μορφή: | Βιβλίο |
| Γλώσσα: | Greek English |
| Δημοσίευση: |
Αθήνα :
Βασδέκης,
2009.
|
| Θέματα: | |
| Ετικέτες: |
Προσθήκη ετικέτας
Δεν υπάρχουν, Καταχωρήστε ετικέτα πρώτοι!
|
MARC
| LEADER | 00000cam a2200000 a 4500 | ||
|---|---|---|---|
| 001 | 1/124997 | ||
| 008 | 220606s2009####gr a ||| |||| ||gre|| | ||
| 020 | |a 9789608273467 | ||
| 040 | |a GR-MyUa |b gre |c GR-MyUa |e AACR2 | ||
| 041 | 1 | |a gre |h eng | |
| 082 | 7 | |a 639.34 |2 (23) | |
| 100 | 1 | |a Skomal, Gregory. | |
| 245 | 1 | 0 | |a Θαλασσινό ενυδρείο / |c Gregory Skomal ; μετάφραση Αγλαΐα Μηλιώνη. |
| 246 | 1 | |i Τίτλος εξωφύλλου: |a Salter aquarium | |
| 260 | |a Αθήνα : |b Βασδέκης, |c 2009. | ||
| 300 | |a 128 σ. : |b φωτ. ; |c 21 εκ. | ||
| 504 | |a Περιέχει ευρετήριο. | ||
| 650 | 0 | |a Marine aquariums. | |
| 852 | |a INST |b LESVOS |c EUDOXUS |e 20220606 |h 639.34 SKO |p 005100063471 |q 005100063471 |t EDX |y 0 | ||
| 920 | |a Εύδοξος |b Παραγγελία |y Λέσβος-ΤΩΘΒ |z 2022-05 | ||
| 970 | |a Καμάτσου |b Δέσποινα |z 06-06-2022 | ||